| 000 | 00424cam a22001337a 4500 | ||
|---|---|---|---|
| 008 | 180718b1969 xxu||||| |||| 00| 0 eng d | ||
| 020 | _a435 82936 X | ||
| 082 | _aQ37 W52 | ||
| 100 | _aWest, D.J. | ||
| 245 |
_aPresent conduct and future delinquency: first report of the Cambridge Study in Delinquent Development _cby D.J. West |
||
| 260 |
_aLondon _bHeinemann _c1969 |
||
| 300 | _axvi, 207p | ||
| 650 | _aJuvenile delinquency. | ||
| 999 |
_c413135 _d413135 |
||